The handicrafts and industrial arts of India / (Record no. 134783)

MARC details
000 -LEADER
fixed length control field 00820nam a22002297a 4500
005 - DATE AND TIME OF LATEST TRANSACTION
control field 20170124110233.0
010 ## - LIBRARY OF CONGRESS CONTROL NUMBER
LC control number 166699
020 ## - INTERNATIONAL STANDARD BOOK NUMBER
Terms of availability 00.00
035 ## - SYSTEM CONTROL NUMBER
System control number 166699
037 ## - SOURCE OF ACQUISITION
Source of stock number/acquisition Cen Lib/Ret
040 ## - CATALOGING SOURCE
Original cataloging agency DPL
Language of cataloging EN
082 ## - DEWEY DECIMAL CLASSIFICATION NUMBER
Classification number 745.5
Item number MEH
100 ## - MAIN ENTRY--PERSONAL NAME
Personal name Mehta, Rustam J.
9 (RLIN) 41754
245 ## - TITLE STATEMENT
Title The handicrafts and industrial arts of India /
Statement of responsibility, etc by Rustam J. Mehta
Remainder of title a pictorial and descriptive survey of Indian craftsmanship as seen in masterpieces ... /
260 ## - PUBLICATION, DISTRIBUTION, ETC. (IMPRINT)
Place of publication, distribution, etc Bombay
Name of publisher, distributor, etc Taraporevala's Treasure House of Books
Date of publication, distribution, etc 1960
270 ## - ADDRESS
City Bombay
Address 210, Dr. D. Naoroji Road
Postal code 400001
300 ## - PHYSICAL DESCRIPTION
Extent various pagings. :
Dimensions 27m(Hb)
Other physical details ill.
500 ## - GENERAL NOTE
General note Includes bibliographical references and index<br/>
650 ## - SUBJECT ADDED ENTRY--TOPICAL TERM
Topical term or geographic name as entry element Handicraft
9 (RLIN) 41755
650 ## - SUBJECT ADDED ENTRY--TOPICAL TERM
Topical term or geographic name as entry element India -- Industries
9 (RLIN) 41756
942 ## - ADDED ENTRY ELEMENTS (KOHA)
Source of classification or shelving scheme Dewey Decimal Classification
Koha item type English Books
Classification part 745.5
Call number suffix MEH
Holdings
Withdrawn status Lost status Damaged status Not for loan Collection code Home library Current library Date acquired Source of acquisition Cost, normal purchase price Total Checkouts Full call number Barcode Date last seen Copy number Cost, replacement price Price effective from Koha item type
      Not For Loan Reference Central Library Central Library 31/07/2015 Cen Lib/Ret 0.00   745.5 MEH 166699 31/07/2015 1 0.00 31/07/2015 English Books

© Delhi Public Library
Hit Counter
free hit counter